<?xml version="1.0" encoding="UTF-8"?>
<collection xmlns="http://www.loc.gov/MARC21/slim">
  <record>
    <leader>00000nam  2200000   4500</leader>
    <controlfield tag="001">INLIS000000000017195</controlfield>
    <controlfield tag="005">20240620030614</controlfield>
    <datafield tag="035" ind1="#" ind2="#">
      <subfield code="a">0010-0624000098</subfield>
    </datafield>
    <controlfield tag="007">ta</controlfield>
    <controlfield tag="008">240620################|##########|#|##</controlfield>
    <datafield tag="084" ind1="#" ind2="#">
      <subfield code="a">R 051 PIM I 2023</subfield>
    </datafield>
    <datafield tag="100" ind1=" " ind2="#">
      <subfield code="a">Ruli Agus Pramono</subfield>
    </datafield>
    <datafield tag="245" ind1="1" ind2="#">
      <subfield code="a">Pengembangan Kompetensi SDM Polri Dalam Mewujudkan Polisi “PINTAR” melalui Transformasi Pelatihan Berbasis Digital di Polda Riau /</subfield>
      <subfield code="c">Ruli Agus Pramono</subfield>
    </datafield>
    <datafield tag="260" ind1="#" ind2="#">
      <subfield code="a">Jakarta :</subfield>
      <subfield code="b">Pusbangkom Pimnas dan Manajerial ASN,</subfield>
      <subfield code="c">2023</subfield>
    </datafield>
    <datafield tag="300" ind1="#" ind2="#">
      <subfield code="a">142 halaman ;</subfield>
      <subfield code="c">30 cm</subfield>
    </datafield>
    <datafield tag="650" ind1="#" ind2="4">
      <subfield code="a">Sumber Daya Manusia</subfield>
    </datafield>
    <datafield tag="650" ind1="#" ind2="4">
      <subfield code="a">Digital</subfield>
    </datafield>
    <datafield tag="520" ind1="#" ind2="#">
      <subfield code="a">Proyek ini bertujuan untuk meningkatkan profesionalisme anggota Polri melalui pengembangan keterampilan, pemahaman teknologi digital, serta kemampuan beradaptasi terhadap perubahan yang cepat. Proyek ini memiliki fokus pada aspek inovasi dan adaptabilitas. Anggota Polri akan diberikan pelatihan tentang pemanfaatan teknologi dalam pekerjaan mereka, seperti analisis data untuk pola kejahatan narkotika dan kebakaran hutan dan lahan.</subfield>
    </datafield>
    <datafield tag="856" ind1="#" ind2="#">
      <subfield code="a">Perpustakaan LAN Pusat</subfield>
    </datafield>
    <datafield tag="990" ind1="#" ind2="#">
      <subfield code="a">24.06.051</subfield>
    </datafield>
  </record>
</collection>
